Science Quiz

Random Science or Clickable Quiz

Pharmacology chapter 7 Quiz Stats

Quiz not verified by Sporcle

Challenge
Share
Tweet
Embed
Score 0/70 Timer 20:00
0 Plays Today
% Correct
Throbolysis
62.5%
Arterial thrombosis
62.5%
Heparin
62.5%
IV or SubQ
62.5%
GI ulcerations, intracranial bleeding. severe kidney or liver disfunction
62.5%
Protamine sulfate
62.5%
Warfarin
62.5%
Warfarin
62.5%
Warfarin
62.5%
GI ulcerations, intracranial bleeding. severe kidney or liver disfunction
62.5%
X, BLACK BOX WARNING
62.5%
Antiplatelets
50%
Embolus
50%
Thrombolytics
50%
Thrombus
50%
Heparin
50%
Heparin
50%
Heparin, Warfarin, Lepirudin
50%
Warfarin
50%
Warfarin
50%
Anticoagulants
37.5%
types of embolus
37.5%
Fibrinolysin
37.5%
Hemostasis
37.5%
Heparin-induced thrombocytopenia
37.5%
Thrombogenesis
37.5%
Thrombosis
37.5%
Process to repair a damaged blood vessel
37.5%
Venous thrombosis
37.5%
Heparin
37.5%
Heparin
37.5%
Other drugs in the Heparin class
37.5%
Dissemitated Intravascular Coagulation
37.5%
Warfarin
37.5%
Activated partial throboplastin time (aPTT)
37.5%
% Correct
45-70 seconds
37.5%
2.0-3.0
37.5%
Not give the next dose and notify the health care provider
37.5%
Plasmin
25%
Plasminogen
25%
Anticoagulant
25%
27 seconds
25%
1.1 or lower
25%
Antiplatelets
25%
intracranial surgery, trauma in past 3 months, severe hypertension and aneurysm
25%
Essential throbocythemia
12.5%
1.5-2.5 times the baseline
12.5%
Direct thromboin Inhibititors
12.5%
Lepirudin
12.5%
ticlopidine, Ticlid; prasugret, Effient
12.5%
300-600
12.5%
pruritus, rash, purpura, diarrhea
12.5%
decreasing platelet aggregation
12.5%
Thrombolytic agents
12.5%
re-estabilsh blood flow
12.5%
determine if ther is a blood coagulaion disorder
12.5%
INR, aPTT, platelet cound and fibrinogen
12.5%
Clopidogrel, Alteplase
0%
25-35 seconds
0%
1.5 times baseline
0%
18 seconds
0%
Direct thromboin Inhibititors
0%
lopidigreal, Plavix
0%
Plavix
0%
Antiplatelet
0%
Antiplatelet
0%
Thrombolytic agents
0%
alteplase, Acivase
0%
end in -ase
0%
Proamine sulfate, Vit. K, Amicar, Cyklokarpron
0%

You're not logged in!

Compare scores with friends on all Sporcle quizzes.
Join for Free
OR
Log In

You Might Also Like...

Show Comments

Extras

Top Quizzes Today


Score Distribution

Your Account Isn't Verified!

In order to create a playlist on Sporcle, you need to verify the email address you used during registration. Go to your Sporcle Settings to finish the process.

Report this User

Report this user for behavior that violates our Community Guidelines.

Details: